Chỉ nam của các nhà kinh tế học. Tập 1 T.1
Na minha lista:
| Formato: | Livro |
|---|---|
| Publicado em: |
Hà Nội
2006
|
| Tags: |
Adicionar Tag
Sem tags, seja o primeiro a adicionar uma tag!
|
| Thư viện lưu trữ: | Mạng thư viện Đại học Đà Nẵng |
|---|
| LEADER | 00553nam a2200217 a 4500 | ||
|---|---|---|---|
| 001 | 000029254 | ||
| 003 | 29121 | ||
| 005 | 20171030145630.0 | ||
| 008 | 171030s2006 | ||
| 020 | |c 26500 | ||
| 040 | |a LTT | ||
| 082 | 0 | |a 330.01 |b Ch-N | |
| 245 | 0 | 0 | |a Chỉ nam của các nhà kinh tế học. Tập 1 |c Hoàng Lâm, Thanh Anh biên tập. |n T.1 |
| 260 | |b Hà Nội |c 2006 | ||
| OWN | |a LTT | ||
| 999 | |a From the UDN01 | ||
| TYP | |a Monograph | ||
| TYP | |a Printed language | ||
| 980 | |a Mạng thư viện Đại học Đà Nẵng | ||